000 00538nam a2200169Ia 4500
008 090201s9999 xx 000 0 und d
010 _aKPL-70263
040 _bमराठी
041 _aमराठी
082 _a49839
_b70263
100 _aसुधाकर कर्णिक
245 _aनसती पंचाईत
_cसुधाकर कर्णिक
260 _c2006
_bसत्यजय प्रकाशन
300 _a419
_bलहान
600 _aनसती पंचाईत
942 _cBOOK
999 _c246394
_d246394